ਚੋਕ ਨਾਟਕ : (Record no. 110360)

MARC details
000 -LEADER
fixed length control field 00914nam a22002537a 4500
005 - DATE AND TIME OF LATEST TRANSACTION
control field 20170123164151.0
010 ## - LIBRARY OF CONGRESS CONTROL NUMBER
LC control number B-071438
020 ## - INTERNATIONAL STANDARD BOOK NUMBER
Terms of availability 100.00
035 ## - SYSTEM CONTROL NUMBER
System control number B-071438
037 ## - SOURCE OF ACQUISITION
Source of stock number/acquisition Cen Lib/Ret
040 ## - CATALOGING SOURCE
Original cataloging agency DPL
Language of cataloging PN
082 ## - DEWEY DECIMAL CLASSIFICATION NUMBER
Classification number 852
Item number ਰਵਿੰਦ
100 ## - MAIN ENTRY--PERSONAL NAME
Personal name ਰਵਿੰਦਰ ਰਵੀ
9 (RLIN) 128542
245 ## - TITLE STATEMENT
Title ਚੋਕ ਨਾਟਕ :
Statement of responsibility, etc ਰਵਿੰਦਰ ਰਵੀ
Remainder of title ਨਾਟਕ /
246 ## - VARYING FORM OF TITLE
Title proper/short title Chowk natak : round about play /
Remainder of title by Ravindar Ravi
260 ## - PUBLICATION, DISTRIBUTION, ETC. (IMPRINT)
Place of publication, distribution, etc ਲੁਧਿਆਣਾ
Name of publisher, distributor, etc ਚੇਤਨਾ ਪ੍ਰਕਾਸ਼ਨ
Date of publication, distribution, etc 2004
270 ## - ADDRESS
Address ਪੰਜਾਬੀ ਮਹਲ
City ਲੁਧਿਆਣਾ
Postal code 110006
300 ## - PHYSICAL DESCRIPTION
Extent 135p ;
Dimensions 20cm
650 ## - SUBJECT ADDED ENTRY--TOPICAL TERM
Topical term or geographic name as entry element ਪੰਜਾਬੀ -ਨਾਟਕ
9 (RLIN) 128543
650 ## - SUBJECT ADDED ENTRY--TOPICAL TERM
Topical term or geographic name as entry element ਪੰਜਾਬੀ ਸਾਹਿਤ
9 (RLIN) 128544
650 ## - SUBJECT ADDED ENTRY--TOPICAL TERM
Topical term or geographic name as entry element Punjabi - literature
9 (RLIN) 781
650 ## - SUBJECT ADDED ENTRY--TOPICAL TERM
Topical term or geographic name as entry element Punjabi -- Play
9 (RLIN) 7361
942 ## - ADDED ENTRY ELEMENTS (KOHA)
Source of classification or shelving scheme Dewey Decimal Classification
Koha item type Punjabi Bks
Classification part 852
Call number suffix ਰਵਿੰਦ
Holdings
Withdrawn status Lost status Damaged status Not for loan Home library Current library Date acquired Source of acquisition Cost, normal purchase price Total Checkouts Full call number Barcode Date last seen Copy number Cost, replacement price Price effective from Koha item type
        Central Library Central Library 20/01/2016 Cen Lib/Ret 100.00   852 ਰਵਿੰਦ B-071438 20/01/2016 1 100.00 20/01/2016 Punjabi Bks

© Delhi Public Library
Hit Counter
free hit counter